00824nam a22002057a 45000010005000000030006000050050017000110080041000280400027000690500014000960820012001101000025001222450037001472600037001843000025002215050007002465200329002535210018005827000018006003529FISKH20240429122524.0240318b cb ||||| |||| 00| 0 eng d aFISKbeng cFISKdFISK aPZ7.H389  a813.54  aHenkes Kevin d1960- aBird lake moon / cKevin Henkes  aNew York : bScholastic, c2010  a179 pages : b20 cm  aM  aTwelve-year-old Mitch and his mother are spending the summer with his grandparents at Bird Lake after his parents separate, and ten-year-old Spencer and his family have returned to the lake where Spencer's little brother drowned long ago, and as the boys become friends and spend time together, each of them begins to heal. 8 a740 bLexile  aKevin Henkes